[Event "SVK-chT2B 1213"]
[Site "Slovakia"]
[Date "2012.12.16"]
[Round "6.6"]
[White "Mikus, Teodor"]
[Black "Julenyi, Frantisek"]
[Result "1-0"]
[WhiteElo "1928"]
[BlackElo "1984"]
[PlyCount "115"]
[EventDate "2012.10.13"]
[EventType "team-tourn"]
[EventRounds "11"]
[EventCountry "SVK"]
[SourceTitle "EXT 2015"]
[Source "ChessBase"]
[SourceDate "2014.11.20"]
[SourceVersion "1"]
[SourceVersionDate "2014.11.20"]
[SourceQuality "1"]
[WhiteTeam "Prievidza II"]
[BlackTeam "Trencin II"]
[WhiteTeamCountry "SVK"]
[BlackTeamCountry "SVK"]

1. e4 c5 2. Nf3 e6 3. e5 d6 4. Bb5+ Bd7 5. Qe2 Nc6 6. exd6 Bxd6 7. c3 a6 8. Ba4 Rc8 9. d3 h6 10. Nbd2 Nf6 11. Ne4 Nxe4 12. Qxe4 b5 13. Bc2 Ne7 14. Ne5 Bxe5 15. Qxe5 0-0 16. Qg3 Nf5 17. Qe5 Nh4 18. Rg1 Bc6 19. Qg3 Nf5 20. Qh3 Qf6 21. Bd2 Qh4 22. Be3 Qxh3 23. gxh3 Nxe3 24. fxe3 b4 25. Kd2 Rfd8 26. Rg3 Bd5 27. Rag1 g6 28. b3 e5 29. h4 e4 30. c4 exd3 31. Bd1 Be4 32. h5 Rc6 33. h4 Kh7 34. Rf1 Rd7 35. Rf4 f5 36. Bf3 Bxf3 37. Rgxf3 gxh5 38. Rxf5 Rg6 39. Rf2 Rc6 40. Rxh5 a5 41. Rhf5 Kg6 42. Re5 a4 43. h5+ Kg7 44. Rff5 axb3 45. axb3 Ra6 46. Rd5 Ra2+ 47. Kxd3 Rxd5+ 48. Rxd5 Rb2 49. Rxc5 Rxb3+ 50. Kd4 Rb1 51. Rb5 Rd1+ 52. Ke5 Rh1 53. Rb7+ Kg8 54. c5 Rxh5+ 55. Kd6 Rh1 56. c6 Rd1+ 57. Ke5 Rc1 58. c7 1-0

[Event "SVK-ch Seniors"]
[Site "Tatranske Matliare"]
[Date "2008.06.12"]
[Round "7"]
[White "Feranec, Milan"]
[Black "Julenyi, Frantisek"]
[Result "1-0"]
[WhiteElo "1835"]
[BlackElo "2016"]
[PlyCount "48"]
[EventDate "2008.06.08"]
[EventType "swiss"]
[EventRounds "9"]
[EventCountry "SVK"]
[SourceTitle "EXT 2009"]
[Source "ChessBase"]
[SourceDate "2008.11.26"]
[SourceVersion "1"]
[SourceVersionDate "2008.11.26"]
[SourceQuality "1"]

1. Nf3 d5 2. b3 c5 3. Bb2 Nc6 4. e3 Bg4 5. Bb5 a6 6. Bxc6+ bxc6 7. h3 Bh5 8. g4 Bg6 9. d3 f6 10. Nbd2 e5 11. Nh4 Bf7 12. Nf5 Ne7 13. Ng3 Rb8 14. Qe2 g6 15. h4 Bg7 16. h5 Nc8 17. 0-0 Nd6 18. f4 Qe7 19. Rae1 d4 20. f5 gxh5 21. Nxh5 Bxh5 22. gxh5 Nb5 23. Nb1 Rd8 24. e4 h6 1-0

[Event "SVK-ch Seniors"]
[Site "Tatranske Matliare"]
[Date "2008.06.10"]
[Round "4"]
[White "Julenyi, Frantisek"]
[Black "Rolny, Jozef"]
[Result "1-0"]
[WhiteElo "2016"]
[BlackElo "1828"]
[PlyCount "65"]
[EventDate "2008.06.08"]
[EventType "swiss"]
[EventRounds "9"]
[EventCountry "SVK"]
[SourceTitle "EXT 2009"]
[Source "ChessBase"]
[SourceDate "2008.11.26"]
[SourceVersion "1"]
[SourceVersionDate "2008.11.26"]
[SourceQuality "1"]

1. e4 c5 2. Nf3 d6 3. Bc4 e6 4. 0-0 Nf6 5. Qe1 Be7 6. e5 Ng4 7. exd6 Bxd6 8. c3 0-0 9. h3 Nf6 10. d4 b6 11. Bg5 Bb7 12. Nbd2 Nbd7 13. Ne4 Be7 14. Nxf6+ Nxf6 15. Qe2 Bxf3 16. Qxf3 cxd4 17. Rad1 Qc7 18. Rxd4 Rad8 19. Rxd8 Bxd8 20. Bb3 h6 21. Bf4 Qc8 22. Bd6 Re8 23. Ba4 Nd7 24. Qc6 Qxc6 25. Bxc6 Nf6 26. Bxe8 Nxe8 27. Rd1 a5 28. a4 f6 29. Bf4 Be7 30. Be3 Bc5 31. Bxc5 bxc5 32. Rd8 Kf7 33. Rc8 1-0

[Event "Tatry op"]
[Site "Tatranske Zruby"]
[Date "2007.09.28"]
[Round "8"]
[White "Julenyi, Frantisek"]
[Black "Koval, Daniel"]
[Result "1/2-1/2"]
[WhiteElo "2007"]
[BlackElo "2135"]
[PlyCount "27"]
[EventDate "2007.09.22"]
[EventType "swiss"]
[EventRounds "9"]
[EventCountry "SVK"]
[SourceTitle "CBM 120 Extra"]
[Source "ChessBase"]
[SourceDate "2007.11.01"]
[SourceVersion "1"]
[SourceVersionDate "2007.11.01"]
[SourceQuality "1"]

1. e4 e6 2. d3 d5 3. Nd2 Nf6 4. Ngf3 c5 5. g3 Nc6 6. Bg2 Be7 7. 0-0 0-0 8. Re1 dxe4 9. dxe4 e5 10. c3 Bg4 11. h3 Bxf3 12. Qxf3 Qc7 13. Nc4 Rfd8 14. Ne3 1/2-1/2

[Event "SVK-chT2B 0506"]
[Site "Slovakia"]
[Date "2005.10.22"]
[Round "1.3"]
[White "Szegi, Viktor"]
[Black "Julenyi, Frantisek"]
[Result "1-0"]
[WhiteElo "2126"]
[BlackElo "2033"]
[PlyCount "103"]
[EventDate "2005.10.22"]
[EventType "team-tourn"]
[EventRounds "11"]
[EventCountry "SVK"]
[SourceTitle "EXT 2008"]
[Source "ChessBase"]
[SourceDate "2007.11.25"]
[SourceVersion "1"]
[SourceVersionDate "2007.11.25"]
[SourceQuality "1"]

1. e4 g6 2. d4 d6 3. Nc3 c6 4. Be2 Bg7 5. h4 b5 6. a3 Qb6 7. Be3 b4 8. Na4 Qa5 9. axb4 Qxb4+ 10. c3 Qb7 11. Qd2 h5 12. Nh3 Nf6 13. f3 Qc7 14. c4 a5 15. e5 Ng8 16. exd6 exd6 17. Ng5 Ne7 18. Ne4 Nf5 19. Bf4 Qd8 20. Bg5 f6 21. Bf4 d5 22. cxd5 cxd5 23. Bb5+ Bd7 24. Nec3 0-0 25. Kf2 Bxb5 26. Nxb5 Nc6 27. Nc7 Ncxd4 28. Nxa8 Nb3 29. Qd3 Nxa1 30. Nc7 Qd7 31. Rxa1 g5 32. Nxd5 Rd8 33. Rd1 Qxa4 34. Ne7+ Nxe7 35. Qxd8+ Bf8 36. Bg3 gxh4 37. Bc7 h3 38. gxh3 Nc6 39. Qd5+ Kg7 40. Rg1+ Kh6 41. Qd2+ Kh7 42. Qd3+ Kh8 43. Rc1 Bh6 44. Rc4 Qb5 45. Qc3 Ne5 46. Bxe5 fxe5 47. Rc8+ Kh7 48. Qc2+ Kg7 49. Qc7+ Kg6 50. Qc6+ Qxc6 51. Rxc6+ Kg7 52. Rc5 1-0

[Event "Piestany op"]
[Site "Piestany"]
[Date "2004.11.18"]
[Round "2"]
[White "Mrna, Vladimir"]
[Black "Julenyi, Frantisek"]
[Result "0-1"]
[WhiteElo "2150"]
[BlackElo "2017"]
[PlyCount "34"]
[EventDate "2004.11.17"]
[EventType "swiss"]
[EventRounds "7"]
[EventCountry "SVK"]
[SourceTitle "EXT 2006"]
[Source "ChessBase"]
[SourceDate "2005.11.24"]
[SourceVersion "1"]
[SourceVersionDate "2005.11.24"]
[SourceQuality "1"]

1. Nf3 g6 2. g3 d5 3. c4 d4 4. e3 c5 5. exd4 cxd4 6. b4 Bg7 7. d3 e5 8. Bg2 Qe7 9. 0-0 Qxb4 10. Re1 Bg4 11. Ba3 Qa5 12. Qb3 Bxf3 13. Bb4 Qc7 14. Bxf3 Nc6 15. Bc5 Nge7 16. Qa3 Qa5 17. Bxe7 Qxe1+ 0-1

[Event "Tatry op"]
[Site "Tatranske Zruby"]
[Date "2003.10.01"]
[Round "6"]
[White "Julenyi, Frantisek"]
[Black "Blaho, Stefan"]
[Result "0-1"]
[WhiteElo "2026"]
[BlackElo "2228"]
[PlyCount "94"]
[EventDate "2003.09.27"]
[EventType "swiss"]
[EventRounds "9"]
[EventCountry "SVK"]
[SourceTitle "CBM 096 Extra"]
[Source "ChessBase"]
[SourceDate "2003.10.22"]
[SourceVersion "2"]
[SourceVersionDate "2003.10.20"]
[SourceQuality "1"]

1. e4 c5 2. Nf3 d6 3. d3 Nc6 4. g3 g6 5. Bg2 Bg7 6. 0-0 Rb8 7. Re1 b5 8. Nbd2 Nf6 9. Nf1 Nd7 10. h4 h5 11. Ng5 Bb7 12. c3 b4 13. Bd2 Ba6 14. Qc2 Nde5 15. c4 0-0 16. Be3 Ng4 17. Rad1 Nd4 18. Qa4 Qb6 19. f3 Nxe3 20. Nxe3 e6 21. Rd2 b3 22. axb3 Nxb3 23. Rde2 Bb7 24. Kh2 Bc6 25. Qa2 a5 26. f4 a4 27. f5 Nd4 28. Rf2 Qb3 29. Qxb3 Rxb3 30. f6 Bh6 31. Rd1 Rfb8 32. Rdd2 Be8 33. g4 e5 34. gxh5 gxh5 35. Nd5 Bd7 36. Bh3 Bg4 37. Bxg4 hxg4 38. Ne7+ Kf8 39. Kg3 Nf3 40. Rde2 Nxg5 41. hxg5 Bxg5 42. Nd5 Ke8 43. Kxg4 Bc1 44. Nc7+ Kd7 45. Nb5 Rg8+ 46. Kh5 Rxd3 47. Rh2 Rdg3 0-1

[Event "SVK-chT3B 0203"]
[Site "Slovakia"]
[Date "2003.??.??"]
[Round "?"]
[White "Julenyi, Frantisek"]
[Black "Kurta, Jozef"]
[Result "1/2-1/2"]
[WhiteElo "2065"]
[BlackElo "2100"]
[PlyCount "44"]
[EventDate "2002.10.??"]
[EventType "team"]
[EventRounds "11"]
[EventCountry "SVK"]
[SourceTitle "EXT 2005"]
[Source "ChessBase"]
[SourceDate "2004.11.15"]
[SourceVersion "1"]
[SourceVersionDate "2004.11.15"]
[SourceQuality "1"]

1. e4 c5 2. Nf3 Nc6 3. d3 e6 4. g3 g6 5. Bg2 Bg7 6. 0-0 Nge7 7. Re1 0-0 8. h4 Nd4 9. Nh2 Nec6 10. c3 Nb5 11. Ng4 d5 12. e5 d4 13. c4 Nc7 14. Bg5 Qd7 15. Nf6+ Bxf6 16. Bxf6 Ne8 17. h5 Nxf6 18. exf6 e5 19. Qe2 Qf5 20. hxg6 fxg6 21. Bd5+ Be6 22. Be4 Qxf6 1/2-1/2

[Event "SVK-chT3B 0203"]
[Site "Slovakia"]
[Date "2002.??.??"]
[Round "?"]
[White "Svonavec, Stefan"]
[Black "Julenyi, Frantisek"]
[Result "1-0"]
[WhiteElo "2095"]
[BlackElo "2065"]
[PlyCount "45"]
[EventDate "2002.10.??"]
[EventType "team"]
[EventRounds "11"]
[EventCountry "SVK"]
[SourceTitle "EXT 2005"]
[Source "ChessBase"]
[SourceDate "2004.11.15"]
[SourceVersion "1"]
[SourceVersionDate "2004.11.15"]
[SourceQuality "1"]

1. d4 d6 2. Nf3 g6 3. Bf4 Bg7 4. e3 Nf6 5. h3 0-0 6. Nbd2 Nbd7 7. Be2 c5 8. c3 b6 9. 0-0 Bb7 10. Re1 Ne4 11. Qb3 e5 12. Nxe4 Bxe4 13. Bg5 Qe8 14. Rad1 h6 15. Bh4 cxd4 16. exd4 g5 17. Bg3 Bf5 18. Bb5 Be6 19. Qa4 a6 20. Bc6 Rc8 21. dxe5 b5 22. Qxa6 dxe5 23. Qxb5 1-0

[Event "Tatry op"]
[Site "Tatranske Zruby"]
[Date "2000.10.12"]
[Round "6"]
[White "Julenyi, Frantisek"]
[Black "Lorenc, Tomas"]
[Result "1/2-1/2"]
[WhiteElo "2100"]
[BlackElo "2185"]
[PlyCount "102"]
[EventDate "2000.10.07"]
[EventType "swiss"]
[EventRounds "9"]
[EventCountry "SVK"]
[SourceTitle "EXT 2001"]
[Source "ChessBase"]
[SourceDate "2000.11.22"]
[SourceVersion "1"]
[SourceVersionDate "2000.11.22"]
[SourceQuality "1"]

1. e4 d5 2. exd5 Qxd5 3. Nf3 Nf6 4. d4 Bg4 5. Be2 c6 6. 0-0 Nbd7 7. c4 Qa5 8. Bd2 Qc7 9. Re1 e6 10. Nc3 Bd6 11. h3 Bh5 12. Rc1 0-0 13. Ng5 Bg6 14. Bf3 e5 15. d5 Nc5 16. b4 Nd3 17. c5 Nxe1 18. Bxe1 Rad8 19. cxd6 Qxd6 20. dxc6 Qxb4 21. Qe2 Qf4 22. c7 Rd3 23. Rc2 Rxf3 24. Nxf3 Bxc2 25. Qxc2 Qc4 26. Nxe5 Qxc7 27. f4 Nd5 28. Qd2 Nxf4 29. Qxf4 Re8 30. Bg3 f6 31. Qa4 Qc5+ 32. Kh1 Rxe5 33. Bxe5 Qxe5 34. Qc4+ Kf8 35. Qc8+ Qe8 36. Qxe8+ Kxe8 37. Nb5 a6 38. Nd6+ Kd7 39. Nxb7 Kc6 40. Na5+ Kb5 41. Nb3 a5 42. Nxa5 Kxa5 43. Kh2 Ka4 44. Kg3 Ka3 45. Kf4 g6 46. g4 Kxa2 47. Ke4 Kb3 48. Kd5 f5 49. gxf5 gxf5 50. Ke5 Kc4 51. Kxf5 Kd5 1/2-1/2

[Event "Tatry op"]
[Site "Tatranska Lomnica"]
[Date "1998.??.??"]
[Round "6"]
[White "Julenyi, Frantisek"]
[Black "Mikulas, Dusan"]
[Result "0-1"]
[WhiteElo "2115"]
[BlackElo "2265"]
[PlyCount "66"]
[EventDate "1998.??.??"]
[EventType "swiss"]
[EventRounds "9"]
[EventCountry "SVK"]
[SourceTitle "EXT 2000"]
[Source "ChessBase"]
[SourceDate "1999.11.16"]
[SourceVersion "1"]
[SourceVersionDate "1999.11.16"]
[SourceQuality "1"]

1. e4 e5 2. Bc4 Nf6 3. d3 Nc6 4. Nf3 Bc5 5. Nc3 d6 6. Bg5 h6 7. Bxf6 Qxf6 8. Nd5 Qd8 9. c3 a5 10. h3 0-0 11. 0-0 Ne7 12. d4 Nxd5 13. Bxd5 exd4 14. cxd4 Bb6 15. Bb3 Qf6 16. Bc2 Qf4 17. Qd3 g6 18. Rfe1 Be6 19. g3 Qf6 20. Kg2 Rad8 21. b3 Bc8 22. Rad1 Rfe8 23. Nh2 c5 24. Qb5 Bc7 25. e5 dxe5 26. dxe5 Bxe5 27. f4 Qe6 28. Ng4 Rxd1 29. Rxe5 Rd2+ 30. Kg1 Bd7 31. Qxa5 Qd6 32. Nf6+ Kh8 33. Ne4 Qd4+ 0-1

[Event "SVK-chT1W 9798"]
[Site "Slovakia"]
[Date "1998.??.??"]
[Round "?"]
[White "Julenyi, Frantisek"]
[Black "Podoba, Milan"]
[Result "1/2-1/2"]
[WhiteElo "2115"]
[BlackElo "2035"]
[PlyCount "39"]
[EventDate "1997.??.??"]
[EventType "team"]
[EventRounds "11"]
[EventCountry "SVK"]
[SourceTitle "EXT 1999"]
[Source "ChessBase"]
[SourceDate "1998.11.16"]
[SourceVersion "1"]
[SourceVersionDate "1998.11.16"]
[SourceQuality "1"]

1. e4 e5 2. Bc4 Nf6 3. d3 Be7 4. Nf3 d6 5. h3 0-0 6. Be3 c6 7. Bb3 Nbd7 8. Nbd2 Re8 9. 0-0 Nf8 10. Ng5 d5 11. c3 h6 12. Ngf3 Ng6 13. exd5 cxd5 14. d4 e4 15. Ne5 Bd6 16. Nxg6 fxg6 17. f3 Kh7 18. fxe4 dxe4 19. Qe2 Qe7 20. Bf4 1/2-1/2

[Event "SVK-chT1W 9798"]
[Site "Slovakia"]
[Date "1997.??.??"]
[Round "?"]
[White "Dlhy, Jozef"]
[Black "Julenyi, Frantisek"]
[Result "1-0"]
[WhiteElo "2080"]
[BlackElo "1955"]
[PlyCount "93"]
[EventDate "1997.??.??"]
[EventType "team"]
[EventRounds "11"]
[EventCountry "SVK"]
[SourceTitle "EXT 1999"]
[Source "ChessBase"]
[SourceDate "1998.11.16"]
[SourceVersion "1"]
[SourceVersionDate "1998.11.16"]
[SourceQuality "1"]

1. d4 Nf6 2. Nf3 g6 3. Bg5 Bg7 4. Nbd2 d6 5. e4 0-0 6. Bc4 h6 7. Bh4 Kh7 8. Bb3 Nc6 9. c3 e5 10. dxe5 Nxe5 11. Nxe5 dxe5 12. 0-0 Qe7 13. f3 Be6 14. Bxe6 Qxe6 15. Qb3 Qxb3 16. Nxb3 b6 17. Rfd1 Rad8 18. Kf1 g5 19. Bf2 Nh5 20. Be3 Bf6 21. a4 a5 22. Ke2 Kg6 23. Rd2 Rxd2+ 24. Nxd2 Rd8 25. Nc4 Nf4+ 26. Bxf4 exf4 27. Rd1 Rxd1 28. Kxd1 Bg7 29. Kc2 Bf8 30. Ne5+ Kg7 31. Kb3 f6 32. Nc6 Kf7 33. Kc4 Ke6 34. b4 Kd7 35. Kb5 axb4 36. cxb4 Kc8 37. a5 bxa5 38. bxa5 Kb7 39. a6+ Kc8 40. Kc4 Ba3 41. Kd5 h5 42. e5 fxe5 43. Kxe5 Bc5 44. h3 Bf2 45. Kf5 h4 46. Kxg5 Bg3 47. Kg4 1-0

[Event "Tatry op"]
[Site "Tatranska Lomnica"]
[Date "1997.??.??"]
[Round "6"]
[White "Gutdeutsch, Otto"]
[Black "Julenyi, Frantisek"]
[Result "1/2-1/2"]
[WhiteElo "2180"]
[BlackElo "2205"]
[PlyCount "32"]
[EventDate "1997.10.18"]
[EventType "swiss"]
[EventRounds "9"]
[EventCountry "SVK"]
[SourceTitle "EXT 1999"]
[Source "ChessBase"]
[SourceDate "1998.11.16"]
[SourceVersion "1"]
[SourceVersionDate "1998.11.16"]
[SourceQuality "1"]

1. e4 c5 2. Nf3 e6 3. d4 cxd4 4. Nxd4 Nf6 5. f3 Nc6 6. Be2 Bc5 7. Nb3 Be7 8. Be3 d5 9. exd5 Nxd5 10. Bf2 Nf4 11. g3 Nxe2 12. Qxe2 0-0 13. c3 b6 14. N1d2 Qc7 15. 0-0-0 Nb4 16. Kb1 Ba6 1/2-1/2

[Event "SVK-chT1W 9798"]
[Site "Slovakia"]
[Date "1997.??.??"]
[Round "?"]
[White "Julenyi, Frantisek"]
[Black "Duben, Igor"]
[Result "1/2-1/2"]
[WhiteElo "1955"]
[BlackElo "2135"]
[PlyCount "115"]
[EventDate "1997.??.??"]
[EventType "team"]
[EventRounds "11"]
[EventCountry "SVK"]
[SourceTitle "EXT 1999"]
[Source "ChessBase"]
[SourceDate "1998.11.16"]
[SourceVersion "1"]
[SourceVersionDate "1998.11.16"]
[SourceQuality "1"]

1. e4 e6 2. d4 d5 3. Nc3 Nf6 4. exd5 exd5 5. Bd3 Be7 6. Nge2 Bg4 7. f3 Bh5 8. Nf4 Bg6 9. Nxg6 hxg6 10. Qe2 0-0 11. 0-0 c6 12. Bg5 Nbd7 13. Kh1 Re8 14. Qd2 Nf8 15. Rae1 Ne6 16. Rxe6 fxe6 17. Bxg6 Rf8 18. Qe2 Qd7 19. f4 Nh7 20. h4 Bxg5 21. hxg5 Rfd8 22. Bd3 Qe8 23. Qg4 g6 24. Re1 Nf8 25. Re3 Rd7 26. Nd1 Rh7+ 27. Kg1 Qd7 28. Qf3 Qg7 29. c3 Re8 30. Nf2 Nd7 31. Ng4 Kh8 32. Nh6 Nf8 33. Re5 Nd7 34. Re3 a6 35. Qg4 Nf8 36. Qe2 Qc7 37. g3 c5 38. dxc5 Qxc5 39. Kg2 Qc6 40. Qc2 Kg7 41. Ng4 e5 42. Nf6 e4 43. Qb3 Re6 44. Bc2 Rxf6 45. gxf6+ Kxf6 46. c4 Qe6 47. Qc3+ Kf7 48. cxd5 Qh3+ 49. Kf2 Qh1 50. Rxe4 Rh2+ 51. Ke3 Qc1+ 52. Kd3 Nd7 53. Re2 Qf1 54. Qe1 Qf3+ 55. Kd2 Qxd5+ 56. Kc1 Rxe2 57. Qxe2 Qc5 58. Qd3 1/2-1/2